Score 0/15 Timer 04:00
0 Plays Today
years in ownership Owner % Correct
2006-2011 2013-Liz McDonald
89%
2006-2011 2013-Steve McDonald
87.2%
1985-1995Bet Gilroy
80.5%
1937-1984Annie Walker
78.8%
1995-1998Jack Duckworth
75.1%
1995-1998Vera Duckworth
75%
2011-2013Stella Price
74%
1985-1998Alec Gilroy
72%
years in ownership Owner % Correct
2013-Michelle Connor
69.1%
1937-1970Jack Walker
68.1%
1984Billy Walker
61.3%
2000-2006Fred Elliot
59.9%
1998-2000Natalie Barnes
58.8%
2000-2001Mike Baldwin
55.6%
2000-2001Duggie Ferguson
52.7%
Remove Ads.
Support Sporcle.
Get the best of Sporcle when you Go Orange. This ad-free experience offers more features, more stats, and more fun while also helping to support Sporcle. Thank you for becoming a member.

You're not logged in!

Compare scores with friends on all Sporcle quizzes.
OR
Log In

Show Comments

Extras

Created Oct 28, 2013SourceReportNominate
Tags:Coronation Street

Top Quizzes Today


Score Distribution

Your Account Isn't Verified!

In order to create a playlist on Sporcle, you need to verify the email address you used during registration. Go to your Sporcle Settings to finish the process.

Report this User

Report this user for behavior that violates our Community Guidelines.

Details: